000 01692cam a22003251i 4500
003 SA-RiAUC
005 20250113064311.0
008 250112s1972 le g 000 0 ara c
040 _aSA-JeALM
_bara
_cSA-RiAUC
_erda
082 0 4 _a235.1
090 _a235.1
_bا ب ن ا
100 1 _aابن أبي جمرة، عبد الله بن سعد بن سعيد،
_dتوفي 695 هجري
_eمؤلف.
245 1 0 _aبهجة النفوس وتحليها لمعرفة ما لها وماعليها :
_bشرح مختصر صحيح البخاري، المسمى، جمع النهاية في بدء الخير والغاية /
_cلأبي محمد عبد الله بن أبي جمرة الأندلسي.
246 3 0 _aشرح مختصر صحيح البخاري، المسمى، جمع النهاية في بدء الخير والغاية
250 _aالطبعة الثالثة.
264 1 _aبيروت :
_bدار الجيل،
_cبين [1900 و 1999]
300 _aمجلد :
_c30 سم.
336 _aنص
_btxt
_2rdacontent
_3كتاب
337 _aبدون وسيط
_bn
_2rdamedia
338 _aمجلد
_bnc
_2rdacarrier
650 7 _aالحديث
_xالإسناد الصحيح
_2aucsh
650 7 _aالحديث
_xشرح
_2aucsh
650 7 _aالحديث
_xالكتب الستة
_2aucsh
700 1 2 _aالبخاري، محمد بن إسماعيل بن إبراهيم،
_d194-256 هجري
740 0 2 _aصحيح البخاري.
740 0 2 _aمختصر صحيح البخاري، المسمى، جمع النهاية في بدء الخير والغاية.
740 0 2 _aجمع النهاية في بدء الخير والغاية.
942 _2ddc
_cBOOK
_n0
949 _aSA-JeALM
_d250112
_uosman123
_n1
999 _c4651
_d4651